| 000 | 00644nam a2200205Ii 4500 | ||
|---|---|---|---|
| 003 | JO-AjNU | ||
| 008 | 230605s9999||||xx |||||||||||||| ||und|| | ||
| 017 | _a2009/11/4739 | ||
| 040 |
_aJO-AjNU _bara _erda _cJO-AjNU |
||
| 041 | _aara | ||
| 050 | 1 | 4 | _aPJ7852.A92.Z46 2009 |
| 100 | 3 |
_aالناعوري، عيسى, _eauthor _957189 |
|
| 245 | 0 | 0 | _aالشريط الأسود |
| 264 | 3 | 1 | _aعمان: وزارة الثقافة، 2009 |
| 300 | _a156ص | ||
| 336 |
_atext _btxt _2rdacontent |
||
| 337 |
_aunmediated _bn _2rdamedia |
||
| 338 |
_avolume _bnc _2rdacarrier |
||
| 650 | 4 |
_aالادباء الاردنيون- تراجم ادبية _957190 |
|
| 999 |
_aA25612 _c29180 _d29180 |
||